| 000 | 00712am a2200277a 44500 | ||
|---|---|---|---|
| 003 | AR-BaBNM | ||
| 005 | 20251128211154.0 | ||
| 008 | 103020s1946 #AR|||||||||||000 | spa|| | ||
| 040 | _cAR-BaBNM | ||
| 100 | 1 | _aLaski, Harold J. | |
| 245 | 1 | 0 | _aIntroducción a la política |
| 260 |
_aBuenos Aires _bSiglo XX _c1946 |
||
| 300 | _a159 p. | ||
| 490 | 0 | _aEconomía y política social | |
| 650 | 4 | _aPOLITICA | |
| 650 | 4 | _aSOCIEDAD | |
| 650 | 4 | _aCIENCIAS POLITICAS | |
| 650 | 4 | _aRESPONSABILIDAD DEL ESTADO | |
| 650 | 4 | _aSEGURIDAD DEL ESTADO | |
| 650 | 4 | _aSISTEMAS POLITICOS | |
| 650 | 4 | _aDERECHOS DE LOS ESTADOS | |
| 650 | 4 | _aESTADO | |
| 700 | 1 | _aSans Huelin, C. | |
| 942 | _cBK | ||
| 998 | _cMariana | ||
| 999 |
_c18563 _d18563 |
||